000 00229nam a22001097a 4500
003 SGT
082 _a616.89
_bD15W
100 _aWILSON, HARVEY
245 _aDEVELOPMENTAL DISABILITIES
260 _aJERSEY
_bFA
942 _2ddc
_cBK
999 _c14916
_d14916